00453nam a2200121Ia 4500008004100000041000800041082002000049100011100069245007700180260004900257300000800306999001700314230128s9999 xx 000 0 und d aeng aDES PR0619bDES aDeshpande Ttiveni - 2k151072; Dr. Sonali Parchure - Guide & [Company Name] - Definedge Solutions9119000 aTechnical Analysis of Stocks in different Sectors of Indian Stock Market c2016bSavitribai Phule Pune UniversityaPune a67p c97304d97304